[Event "Neckar op-C 7th"]
[Site "Deizisau"]
[Date "2003.04.19"]
[Round "5"]
[White "Funk, Patrick"]
[Black "Wenzel, Ronald"]
[Result "1-0"]
[WhiteElo "1398"]
[BlackElo "1339"]
[PlyCount "115"]
[EventDate "2003.04.18"]
[EventType "swiss"]
[EventRounds "6"]
[EventCountry "GER"]
[SourceTitle "CBM 093 Extra"]
[Source "ChessBase"]
[SourceDate "2003.05.09"]
[SourceVersion "1"]
[SourceVersionDate "2003.05.09"]
[SourceQuality "1"]

1. c4 e5 2. Nc3 Nf6 3. Nf3 e4 4. Ng5 e3 5. dxe3 Bb4 6. Bd2 d5 7. cxd5 Bxc3 8. Bxc3 Nxd5 9. Qa4+ Kf8 10. Qh4 f6 11. Ne4 Nd7 12. Rd1 Nxc3 13. Nxc3 c6 14. g3 Qe7 15. Qd4 Ne5 16. Qd8+ Qe8 17. Qc7 Nd7 18. Bh3 Qe7 19. Ne4 Qd8 20. Qd6+ Kf7 21. Bxd7 Qa5+ 22. Nc3 Rd8 23. Qe6+ Kf8 24. 0-0 Qc7 25. Bxc8 Raxc8 26. Rd3 Rxd3 27. exd3 Re8 28. Qc4 a6 29. Rd1 b5 30. Qc5+ Kg8 31. d4 Qc8 32. d5 cxd5 33. Qxc8 Rxc8 34. Nxd5 Rc2 35. Rb1 Kf7 36. Nb4 Rc4 37. Nxa6 Ra4 38. Nc7 b4 39. Nd5 Ke6 40. Nf4+ Kf7 41. Nd3 Ke7 42. b3 Rxa2 43. Nxb4 Ra8 44. Nd5+ Kd6 45. e4 Re8 46. f3 f5 47. Nc3 fxe4 48. Nxe4+ Kd5 49. b4 Kc6 50. b5+ Kb6 51. Nd6 Rf8 52. Kf2 Kc7 53. Nc4 h6 54. b6+ Kb8 55. b7 Rf6 56. Ne5 Rd6 57. Rb2 g6 58. h4 1-0